[Event "Blitz Chess"]
[Site "SchemingMind.com"]
[Date "2009.02.18"]
[Round "-"]
[White "startstek"]
[Black "Pedro Yanes"]
[Result "0-1"]
[WhiteCountry "ALG"]
[BlackCountry "USA"]
[WhiteElo "1919"]
[WhiteRD "83"]
[BlackElo "2034"]
[BlackRD "90"]
[GameID "192350"]

1. e4 e6 2. d4 d5 3. Nc3 dxe4 4. Nxe4 Nd7 5. Nf3 Ngf6 6. Nxf6+ Nxf6 7. Bd3 c5 8. O-O cxd4 9. Nxd4 Be7 10. Bf4 O-O
11. Nb5 Nd5 12. Bg3 a6 13. Nd4 Qb6 14. Nb3 f5 15. Be5 Ne3 16. fxe3 Qxe3+ 17. Kh1 Qxe5 18. c3 Rd8 19. Qc2 Bd6 20. g3 Qd5+
21. Kg1 Bc7 22. Be2 Bb6+ 23. Nd4 e5 24. Qa4 Qd6 25. Rad1 exd4 26. cxd4 Bxd4+ 27. Kh1 b5 28. Qb3+ Qe6 29. Qxe6+ Bxe6 30. Bf3 Rac8
0-1

[Event "Blitz Chess"]
[Site "SchemingMind.com"]
[Date "2009.02.13"]
[Round "-"]
[White "Zugzwang"]
[Black "Pedro Yanes"]
[Result "0-1"]
[WhiteCountry "CAN"]
[BlackCountry "USA"]
[WhiteElo "1437"]
[WhiteRD "56"]
[BlackElo "1885"]
[BlackRD "112"]
[GameID "192351"]

1. d4 e6 2. e4 d5 3. e5 c5 4. c3 Nc6 5. Nf3 cxd4 6. cxd4 Qb6 7. b3 Bb4+ 8. Nc3 Bxc3+ 9. Bd2 Bxa1 10. Qxa1 Nge7
11. Bd3 Nb4 12. Qb1 Nxd3+ 13. Qxd3 Bd7 14. Qb1 Bb5 15. h4 Nf5 16. Bc3 Rc8 17. Bb2 Qc6 18. Kd2 a5 19. Rc1 Qd7 20. Ng5 Rxc1
21. Qxc1 h6 22. Nf3 O-O 23. g4 Rc8 24. Bc3 Ne7 25. g5 h5 26. Qg1 Qc7 27. Qc1 g6 28. Bb2 Qxc1+ 29. Bxc1 Nf5 30. a4 Bf1
31. Ba3 Bg2 32. Ne1 Bh1 33. Bc5 Nxh4 34. Bb6 Nf3+ 35. Nxf3 Bxf3 36. Ke3 Rc3+
0-1

[Event "Blitz Chess"]
[Site "SchemingMind.com"]
[Date "2009.02.14"]
[Round "-"]
[White "Brendan Joseph Birt"]
[Black "Pedro Yanes"]
[Result "0-1"]
[WhiteCountry "USA"]
[BlackCountry "USA"]
[WhiteElo "1843"]
[WhiteRD "82"]
[BlackElo "2034"]
[BlackRD "90"]
[GameID "192352"]

1. e4 e6 2. d4 d5 3. Nd2 dxe4 4. Nxe4 Nd7 5. Nf3 Ngf6 6. Nxf6+ Nxf6 7. c3 Be7 8. Bd3 O-O 9. O-O b6 10. Qe2 Bb7
11. Bf4 Nd5 12. Bg3 Bd6 13. Rad1 Bxg3 14. hxg3 Nf6 15. Rfe1 Qd5 16. c4 Qc6 17. b4 Rad8 18. Rd2 Rfe8 19. b5 Qd6 20. a4 Bxf3
21. Qxf3 Qb4 22. Red1 Qxa4 23. g4 h6 24. Qg3 c6 25. bxc6 Qxc6 26. g5 hxg5 27. Qxg5 Rxd4 28. Qb5 Qxb5 29. cxb5 Kf8 30. Be2 Rxd2
31. Rxd2 Nd5 32. Bf3 Rd8 33. Ra2 Nc3 34. Rxa7 Nxb5 35. Rb7 Rd6 36. Rb8+ Ke7 37. Rb7+ Kf6 38. Rb8 Nd4 39. Bb7 b5 40. Kf1 Ke5
41. f3 Rb6 42. f4+ Kxf4 43. Rd8 Rxb7 44. Rxd4+ Ke3
0-1

[Event "Blitz Chess"]
[Site "SchemingMind.com"]
[Date "2009.02.13"]
[Round "-"]
[White "Clive Everill"]
[Black "Pedro Yanes"]
[Result "0-1"]
[WhiteCountry "CZE"]
[BlackCountry "USA"]
[WhiteElo "1648"]
[WhiteRD "49"]
[BlackElo "1885"]
[BlackRD "112"]
[GameID "192353"]

1. e4 e6 2. d4 d5 3. Be3 dxe4 4. f3 Nc6 5. fxe4 Qh4+ 6. g3 Qxe4 7. Qf3 Qxc2 8. Nd2 Qxb2 9. Rb1 Qc2 10. Ne2 Bb4
11. Rc1 Bxd2+ 12. Bxd2 Qf5 13. Qe3 Nge7 14. Rc5 Nd5 15. Qb3 Qe4 16. Rg1 Nce7 17. Bg2 Qf5 18. Rf1 Qg6 19. Nf4 Nxf4 20. Bxf4 Nd5
21. Bxd5 exd5 22. Qxd5 Be6 23. Qxb7 O-O 24. Rg5 Qd3 25. Qxc7 Bc4 26. Rxg7+ Kxg7 27. Be5+ Kg8 28. Rf2 Qe3+ 29. Kd1 Qxf2 30. Qxc4 Rac8
31. Qb3 Qf1+ 32. Kd2 Qc1+ 33. Ke2 Qc2+ 34. Qxc2 Rxc2+
0-1

[Event "Blitz Chess"]
[Site "SchemingMind.com"]
[Date "2009.02.14"]
[Round "-"]
[White "schakert"]
[Black "Pedro Yanes"]
[Result "0-1"]
[WhiteCountry "NED"]
[BlackCountry "USA"]
[WhiteElo "1705"]
[WhiteRD "60"]
[BlackElo "1885"]
[BlackRD "112"]
[GameID "192354"]

1. d4 e6 2. e4 d5 3. e5 c5 4. c3 Nc6 5. Qg4 cxd4 6. cxd4 Qb6 7. Nf3 Nge7 8. Nc3 Ng6 9. Bd3 Nb4 10. Bb1 Qa6
11. Bg5 Nd3+ 12. Bxd3 Qxd3 13. Rd1 Qa6 14. h4 h6 15. Bd2 Bd7 16. h5 Ne7 17. Ng1 Nf5 18. Nge2 Be7 19. Rh3 O-O-O 20. Qf3 Be8
21. a3 g5 22. g4 Nh4 23. Qg3 Kb8 24. Nc1 Rc8 25. Qd3 Qc4 26. f4 Ng2+ 27. Kf2 Nxf4 28. Qg3 Nxh3+
0-1

[Event "Blitz Chess"]
[Site "SchemingMind.com"]
[Date "2009.02.13"]
[Round "-"]
[White "thewallstreetpirate"]
[Black "Pedro Yanes"]
[Result "0-1"]
[WhiteCountry "USA"]
[BlackCountry "USA"]
[WhiteElo "1201"]
[WhiteRD "95"]
[BlackElo "2034"]
[BlackRD "90"]
[GameID "192355"]

1. e4 e6 2. Nc3 c5 3. d3 Nc6 4. Nf3 d6 5. b3 Nf6 6. d4 cxd4 7. Nxd4 Qa5 8. Bd2 Nxd4 9. Rb1 Qh5 10. f3 Qh4+
11. g3 Qh5 12. Bg2 Be7 13. Be3 Nc6 14. g4 Qa5 15. Qd3 Ne5 16. Qb5+ Qxb5 17. Nxb5 Kd7 18. f4 Nexg4 19. Ke2 Nxe3 20. Kxe3 a6
21. Nd4 b5 22. e5 Ng4+ 23. Kf3 Bb7+ 24. Kg3 Bxg2 25. Kxg2 dxe5 26. fxe5 Nxe5 27. Rhe1 Bf6 28. Rbd1 Ke7 29. b4 Rhd8 30. h4 Rac8
31. a3 Nc4 32. Nf5+ Kf8 33. Ng3 Rxd1 34. Rxd1 Ne3+
0-1

[Event "Blitz Chess"]
[Site "SchemingMind.com"]
[Date "2009.02.13"]
[Round "-"]
[White "Heidi"]
[Black "Pedro Yanes"]
[Result "0-1"]
[WhiteCountry "USA"]
[BlackCountry "USA"]
[WhiteElo "946"]
[WhiteRD "62"]
[BlackElo "1885"]
[BlackRD "112"]
[GameID "192356"]

1. e4 g6 2. d4 Bg7 3. Nc3 d6 4. f4 c6 5. Be3 Nf6 6. h3 Nh5 7. Be2 Ng3 8. Rh2 Nxe2 9. Qxe2 Nd7 10. e5 O-O
11. g4 dxe5 12. fxe5 Nb6 13. Bg5 f6 14. Bf4 Qxd4
0-1

[Event "Blitz Chess"]
[Site "SchemingMind.com"]
[Date "2009.02.13"]
[Round "-"]
[White "cludi"]
[Black "Pedro Yanes"]
[Result "1-0"]
[WhiteCountry "DEN"]
[BlackCountry "USA"]
[WhiteElo "2036"]
[WhiteRD "161"]
[BlackElo "1885"]
[BlackRD "112"]
[GameID "192357"]

1. e4 e6 2. d4 d5 3. Nd2 c5 4. Ngf3 cxd4 5. exd5 Nf6 6. dxe6 Bxe6 7. Bd3 Bb4 8. O-O O-O 9. Ne4 Nc6 10. Nxf6+ Qxf6
11. Bg5
1-0

[Event "Blitz Chess"]
[Site "SchemingMind.com"]
[Date "2009.02.18"]
[Round "-"]
[White "Joe Hayden"]
[Black "startstek"]
[Result "0-1"]
[WhiteCountry "IRL"]
[BlackCountry "ALG"]
[WhiteElo "1624"]
[WhiteRD "77"]
[BlackElo "1919"]
[BlackRD "83"]
[GameID "192363"]

1. e4 c5 2. Nf3 d6 3. Bc4 e6 4. Nc3 Nc6 5. O-O Nf6 6. b3 Be7 7. Bb2 O-O 8. Be2 a6 9. d3 Nd4 10. Nxd4 cxd4
11. Nb1 e5 12. Nd2 Ne8 13. f4 f5 14. fxe5 dxe5
0-1

[Event "Blitz Chess"]
[Site "SchemingMind.com"]
[Date "2009.02.13"]
[Round "-"]
[White "Joe Hayden"]
[Black "Zugzwang"]
[Result "1-0"]
[WhiteCountry "IRL"]
[BlackCountry "CAN"]
[WhiteElo "1641"]
[WhiteRD "82"]
[BlackElo "1437"]
[BlackRD "56"]
[GameID "192364"]

1. e4 e5 2. Nf3 Nf6 3. Nxe5 d6 4. Nf3 Nxe4 5. Qe2 d5 6. d3 Bd6 7. dxe4 O-O 8. e5 Re8 9. Bf4 f6 10. Nc3 Bb4
11. Bd2 Nc6 12. Qd1 Nxe5 13. Nxe5 Rxe5+ 14. Be2 Bc5 15. O-O Be6 16. Bf4 Rf5 17. Bg3 Qd7 18. Bg4 Rg5 19. Bxe6+ Qxe6 20. Bxc7 Rc8
21. Bg3 Rh5 22. Qxh5
1-0

[Event "Blitz Chess"]
[Site "SchemingMind.com"]
[Date "2009.02.14"]
[Round "-"]
[White "Joe Hayden"]
[Black "Brendan Joseph Birt"]
[Result "1-0"]
[WhiteCountry "IRL"]
[BlackCountry "USA"]
[WhiteElo "1651"]
[WhiteRD "80"]
[BlackElo "1810"]
[BlackRD "80"]
[GameID "192365"]

1. e4 c5 2. Nf3 g6 3. Nc3 Bg7 4. Bc4 Nc6 5. O-O d6 6. Ng5 e6 7. d3 h6 8. Nf3 Nf6 9. Be3 O-O 10. a3 d5
11. exd5 exd5 12. Bxc5 Re8 13. Bb5 Bg4 14. h3 Be6 15. Re1 a6 16. Bxc6 bxc6 17. Nd4 Bd7 18. Na4 Rb8 19. b3 Qc7 20. Qd2 Kh7
21. Nc3 Rxe1+ 22. Rxe1 Re8 23. Nf3 Nh5 24. Rxe8 Bxe8 25. Be3 Bd7 26. Ne2 Nf6 27. Ng3 Qd6 28. a4 c5 29. Bf4 Qe7 30. Qa5 Qe6
31. Ne5 Ne8 32. Nxd7 Qxd7 33. Qxc5 g5 34. Bd2 Nc7 35. Ba5 Ne6 36. Qb6 Qc8 37. Qa7 Kg6 38. c4 dxc4 39. dxc4 Qc6 40. Qe3 f5
41. Qb6 Qd7 42. Qxa6 Kh7 43. Nxf5 Nf4 44. Nxg7 Qxg7 45. c5 Qa1+ 46. Kh2 Qe5 47. Qb7+ Kg8 48. Qc8+ Kf7 49. Qc7+ Qxc7 50. Bxc7 Nd3
51. c6 Nc5 52. Bd6 Na6 53. c7 Nxc7 54. Bxc7
1-0

[Event "Blitz Chess"]
[Site "SchemingMind.com"]
[Date "2009.02.14"]
[Round "-"]
[White "Joe Hayden"]
[Black "Clive Everill"]
[Result "0-1"]
[WhiteCountry "IRL"]
[BlackCountry "CZE"]
[WhiteElo "1624"]
[WhiteRD "77"]
[BlackElo "1635"]
[BlackRD "52"]
[GameID "192366"]

1. e4 d5 2. e5 Bf5 3. d4 c6 4. Nc3 e6 5. Nf3 Bb4 6. Bd2 h6 7. Be2 Ne7 8. O-O Nd7 9. h3 Qc7 10. Nh4 Bh7
11. Nb5 cxb5 12. Bxb4 Qxc2 13. Qxc2 Bxc2 14. Bxb5 a6 15. Bxd7+ Kxd7 16. Rac1 Ba4 17. Bxe7 Kxe7 18. Nf3 Rhc8 19. b3 Bb5 20. Rfd1 Be2
21. Re1 Bxf3 22. gxf3 b5 23. b4 Rc4 24. Rxc4 bxc4 25. Rc1 f6 26. f4 g5 27. exf6+ Kxf6 28. fxg5+ hxg5 29. Kg2 Kf5 30. Kf3 Rh8
31. Rh1 Rh4 32. Ke3 Re4+ 33. Kf3 Rxd4 34. Re1 c3 35. Rc1 Rc4 36. Rc2 d4 37. Ke2 Rxb4 38. Kd3 e5 39. Re2 a5 40. Rc2 e4+
0-1

[Event "Blitz Chess"]
[Site "SchemingMind.com"]
[Date "2009.02.14"]
[Round "-"]
[White "Joe Hayden"]
[Black "schakert"]
[Result "1-0"]
[WhiteCountry "IRL"]
[BlackCountry "NED"]
[WhiteElo "1624"]
[WhiteRD "77"]
[BlackElo "1721"]
[BlackRD "60"]
[GameID "192367"]

1. e4 c5 2. Nf3 Nc6 3. Nc3 e5 4. Bc4 Be7 5. d3 d6 6. O-O Nf6 7. Bd2 Bd7 8. Ng5 O-O 9. Nf3 h6 10. h3 Qc8
11. Bd5 Nd4 12. Re1 Bxh3 13. Nxd4 cxd4 14. gxh3 dxc3 15. Bxc3 Qxh3 16. Re3 Qh4 17. Rg3 Nxd5 18. exd5 f5 19. Qf3 Bg5 20. Rh3 Qg4+
21. Rg3 Qxf3 22. Rxf3 Bf4 23. d4 g5 24. dxe5 dxe5 25. Bb4 Rfd8 26. Rd1 e4 27. Rc3 Be5 28. Rb3 f4 29. Be7 Rd7 30. d6 g4
31. Rb5 Bg7 32. Rc5 Kh7 33. Rc7 Rxc7 34. dxc7 Rc8 35. Rd7 Kg6 36. Bd6 e3 37. fxe3 Bf6 38. Bxf4 h5 39. Rd6 Kf5 40. Rd5+ Kg6
41. b4
1-0

[Event "Blitz Chess"]
[Site "SchemingMind.com"]
[Date "2009.02.13"]
[Round "-"]
[White "Joe Hayden"]
[Black "thewallstreetpirate"]
[Result "1-0"]
[WhiteCountry "IRL"]
[BlackCountry "USA"]
[WhiteElo "1624"]
[WhiteRD "77"]
[BlackElo "1201"]
[BlackRD "95"]
[GameID "192368"]

1. e4 e5 2. Nf3 Nf6 3. Nc3 Nc6 4. Bc4 Bc5 5. O-O O-O 6. d3 d6 7. Bg5 h6 8. Bd2 Ng4 9. h3 Nxf2 10. Rxf2 Bxf2+
11. Kxf2 Qf6 12. Kg1 Qg6 13. Nh4 Qf6 14. Be1 Qg5 15. Nd5 Bxh3 16. Nxc7 Rac8 17. Nd5 f5 18. Nf4+ Kh7 19. Nxh3 Qe3+ 20. Bf2 Qxh3
21. gxh3
1-0

[Event "Blitz Chess"]
[Site "SchemingMind.com"]
[Date "2009.02.13"]
[Round "-"]
[White "Joe Hayden"]
[Black "Pedro Yanes"]
[Result "0-1"]
[WhiteCountry "IRL"]
[BlackCountry "USA"]
[WhiteElo "1641"]
[WhiteRD "82"]
[BlackElo "1885"]
[BlackRD "112"]
[GameID "192370"]

1. e4 e6 2. e5 d5 3. d4 c5 4. c3 Nc6 5. Nf3 Qb6 6. dxc5 Bxc5 7. Qc2 a5 8. Bd3 Nge7 9. O-O Bd7 10. Ng5 Nxe5
11. Nxh7 Nxd3 12. Qxd3 Bb5 13. Qc2 Bxf1 14. Kxf1 Ng6 15. Ng5 Rxh2 16. Nf3 Rh1+ 17. Ke2 Qb5+ 18. c4 Qxc4+ 19. Qd3 Qxd3+ 20. Kxd3 Rxc1
0-1

[Event "Blitz Chess"]
[Site "SchemingMind.com"]
[Date "2009.02.13"]
[Round "-"]
[White "Joe Hayden"]
[Black "cludi"]
[Result "0-1"]
[WhiteCountry "IRL"]
[BlackCountry "DEN"]
[WhiteElo "1624"]
[WhiteRD "77"]
[BlackElo "2164"]
[BlackRD "115"]
[GameID "192371"]

1. e4 c5 2. Bc4 e6 3. Nc3 Nc6 4. Nf3 Be7 5. O-O d6 6. b3 Nf6 7. Bb2 O-O 8. Re1 d5 9. exd5 exd5 10. Bb5 Bg4
11. h3 Bh5 12. Be2 d4 13. Nb1 Rc8 14. Nxd4 Nxd4 15. Bxd4 Bxe2 16. Rxe2 cxd4 17. d3 Nd5 18. Qe1 Bd6 19. Nd2 Rxc2 20. Nc4 Rxe2
21. Qxe2 Re8 22. Qf3 Bb8 23. Rc1 Nc3 24. Kf1 Qg5 25. Ra1 b5 26. Na3 a6 27. Nc2 Qd2 28. Nxd4 Qb2 29. Re1 Rxe1+ 30. Kxe1 Qc1+
0-1

[Event "Blitz Chess"]
[Site "SchemingMind.com"]
[Date "2009.02.18"]
[Round "-"]
[White "startstek"]
[Black "Joe Hayden"]
[Result "1-0"]
[WhiteCountry "ALG"]
[BlackCountry "IRL"]
[WhiteElo "1919"]
[WhiteRD "83"]
[BlackElo "1624"]
[BlackRD "77"]
[GameID "192372"]

1. d4 Nf6 2. c4 g6 3. Nc3 Bg7 4. e4 d6 5. Nf3 Bg4 6. Be2 O-O 7. Be3 Nc6 8. d5 Nb8 9. h3 Bd7 10. O-O c6
11. Ne1 cxd5 12. cxd5 e6 13. dxe6 Bxe6 14. f3
1-0

[Event "Blitz Chess"]
[Site "SchemingMind.com"]
[Date "2009.02.14"]
[Round "-"]
[White "Zugzwang"]
[Black "Joe Hayden"]
[Result "0-1"]
[WhiteCountry "CAN"]
[BlackCountry "IRL"]
[WhiteElo "1437"]
[WhiteRD "56"]
[BlackElo "1641"]
[BlackRD "82"]
[GameID "192373"]

1. d4 Nf6 2. Nf3 d5 3. e3 Nc6 4. Bd3 Bg4 5. c4 e6 6. Qb3 Na5 7. Qa4+ Nc6 8. Ne5 dxc4 9. Bxc4 Qd6 10. Bb5 Qb4+
11. Qxb4 Bxb4+ 12. Bd2 Bxd2+ 13. Nxd2 O-O 14. O-O Nxe5 15. dxe5 Nd5 16. Rac1 Rad8 17. Nb3 c6 18. Bxc6 bxc6 19. Rxc6 Nb4 20. a3 Nxc6
0-1

[Event "Blitz Chess"]
[Site "SchemingMind.com"]
[Date "2009.02.14"]
[Round "-"]
[White "Brendan Joseph Birt"]
[Black "Joe Hayden"]
[Result "1-0"]
[WhiteCountry "USA"]
[BlackCountry "IRL"]
[WhiteElo "1885"]
[WhiteRD "90"]
[BlackElo "1641"]
[BlackRD "82"]
[GameID "192374"]

1. e4 e5 2. Nf3 Nc6 3. d4 exd4 4. Nxd4 Nxd4 5. Qxd4 Nf6 6. Bc4 Be7 7. e5 Nh5 8. g4 d5 9. Bb5+ c6 10. Be2 c5
11. Qd1 Bh4 12. gxh5 Qf6 13. exf6
1-0

[Event "Blitz Chess"]
[Site "SchemingMind.com"]
[Date "2009.02.14"]
[Round "-"]
[White "Clive Everill"]
[Black "Joe Hayden"]
[Result "1-0"]
[WhiteCountry "CZE"]
[BlackCountry "IRL"]
[WhiteElo "1635"]
[WhiteRD "52"]
[BlackElo "1624"]
[BlackRD "77"]
[GameID "192375"]

1. e4 e5 2. Nf3 Nc6 3. d4 d6 4. Bb5 Bd7 5. Be3 Nf6 6. Nbd2 a6 7. Bc4 Be7 8. c3 O-O 9. O-O Ng4 10. Qe2 b5
11. Bb3 exd4 12. cxd4 Nxe3 13. Qxe3 Bg4 14. d5 Nb8 15. Nd4 Bg5 16. f4 Bf6 17. Rab1 Re8 18. Nc6 Qd7 19. Nxb8 Raxb8 20. h3 Bh5
21. g4 Bxg4 22. hxg4 Qxg4+ 23. Kh2 Qh5+ 24. Qh3 Qe2+ 25. Qg2 Qh5+ 26. Kg1 Bd4+ 27. Rf2 Bxf2+ 28. Kxf2 Qh4+ 29. Qg3 Qxg3+ 30. Kxg3 h6
31. Rc1 Re7 32. Kf3 Rf8 33. Bc2 Rfe8 34. b4 f6 35. a4 Rc8 36. axb5 axb5 37. Nb3 Ra8 38. Na5 Ra6 39. Bd3 Rb6 40. Nc6 Re8
41. Nd4 Ra8 42. Rxc7 Ra3 43. Ke3 Ra1 44. Rc8+ Kf7 45. Nxb5 Rb1 46. Rc7+ Kf8 47. Bxb1 Rxb5 48. Rd7 Rxb4 49. Bd3 Rb6 50. e5 dxe5
51. fxe5 fxe5 52. Ke4
1-0

[Event "Blitz Chess"]
[Site "SchemingMind.com"]
[Date "2009.02.14"]
[Round "-"]
[White "schakert"]
[Black "Joe Hayden"]
[Result "1-0"]
[WhiteCountry "NED"]
[BlackCountry "IRL"]
[WhiteElo "1705"]
[WhiteRD "60"]
[BlackElo "1641"]
[BlackRD "82"]
[GameID "192376"]

1. d4 Nf6 2. c4 g6 3. Nc3 Bg7 4. Nf3 Nc6 5. e4 d6 6. Bd3 O-O 7. h3 e5 8. d5 Ne7 9. O-O c6 10. Be3 cxd5
11. cxd5 Bd7 12. Rc1 a6 13. a4 Qa5 14. Bd2 Qd8 15. b4 Rc8 16. b5 axb5 17. Bxb5 Bxb5 18. axb5 Qb6 19. Qe2 Nd7 20. Na4 Qd8
21. Rxc8 Nxc8 22. Bb4 Ndb6 23. Nc3 Qc7 24. Rc1 Qd8 25. Nd1 Bh6 26. Ra1 Qf6 27. Nd2 Qf4 28. Ra3 Qf6 29. Ne3 Bf4 30. Ng4 Qd8
31. Ba5 Qc7 32. Rc3 Qd7 33. Nf6+
1-0

[Event "Blitz Chess"]
[Site "SchemingMind.com"]
[Date "2009.02.14"]
[Round "-"]
[White "thewallstreetpirate"]
[Black "Joe Hayden"]
[Result "0-1"]
[WhiteCountry "USA"]
[BlackCountry "IRL"]
[WhiteElo "1201"]
[WhiteRD "95"]
[BlackElo "1624"]
[BlackRD "77"]
[GameID "192377"]

1. d4 Nf6 2. Nf3 d5 3. Bf4 Nc6 4. e3 g6 5. c4 Bf5 6. cxd5 Nxd5 7. Nc3 Ndb4 8. e4 Bg4 9. Nb5 Rc8 10. d5 Bxf3
11. gxf3 Nd4 12. Qxd4 Nc2+ 13. Kd1 Nxd4 14. Nxd4 Bg7 15. Bb5+ c6 16. Ba4 Bxd4 17. Rc1 Bxb2 18. Rb1 b5 19. Rxb2 bxa4 20. a3 cxd5
0-1

[Event "Blitz Chess"]
[Site "SchemingMind.com"]
[Date "2009.02.14"]
[Round "-"]
[White "Pedro Yanes"]
[Black "Joe Hayden"]
[Result "1-0"]
[WhiteCountry "USA"]
[BlackCountry "IRL"]
[WhiteElo "1885"]
[WhiteRD "112"]
[BlackElo "1641"]
[BlackRD "82"]
[GameID "192379"]

1. c4 e5 2. g3 Nc6 3. Bg2 Nf6 4. Nc3 Bc5 5. e3 O-O 6. a3 Re8 7. b4 Bf8 8. Nge2 d6 9. O-O Bd7 10. Bb2 a6
11. d4 Rb8 12. Qd2 exd4 13. Nxd4 Nxd4 14. Qxd4 g6 15. Nd5 Re5 16. f4 Re6 17. Nxf6+ Rxf6 18. Qxf6 Qxf6 19. Bxf6 b5 20. cxb5 Rxb5
21. Rac1 c6 22. Bxc6 Bxc6 23. Rxc6
1-0

[Event "Blitz Chess"]
[Site "SchemingMind.com"]
[Date "2009.02.14"]
[Round "-"]
[White "cludi"]
[Black "Joe Hayden"]
[Result "1-0"]
[WhiteCountry "DEN"]
[BlackCountry "IRL"]
[WhiteElo "2164"]
[WhiteRD "115"]
[BlackElo "1624"]
[BlackRD "77"]
[GameID "192380"]

1. e4 e5 2. f4 Nc6 3. Nf3 d6 4. Bc4 Nf6 5. Nc3 Be7 6. d3 O-O 7. O-O Bg4 8. h3 Bd7 9. fxe5 dxe5 10. Be3 Bb4
11. Nd5 Be7 12. Nxe7+ Qxe7 13. a3 Na5 14. Ba2 Nc6 15. Qe1 Be6 16. Qf2 Bxa2 17. Rxa2 Qe6 18. Raa1 a6 19. Ng5 Qd7 20. Qh4 h6
21. Rxf6 hxg5 22. Qxg5 Qe7 23. Raf1 Rad8 24. h4 Rd7 25. h5 Rd6 26. h6 g6 27. Bc5 Nd4 28. Bxd6 cxd6 29. Rxg6+ fxg6 30. Qxe7
1-0